000 00341nam a22001337a 4500
008 171219b xxu||||| |||| 00| 0 eng d
020 _a9789211263848
041 _aeng
080 _a316
100 _a50
101 _aSOC
245 _aSAFEGUARDING HUMAN PROGRESS: REDUSING VULNERABILITIES, BUILDING RESILIENCE
_cMALIK,K
942 _2udc
_cBK
999 _c39176
_d39176